000 00427pam a2200169 a 4500
020 _c
041 _h
082 _a641.5
100 _aBAHADUR K.P.
_eAuthor
245 _aCASTE TRIBE & CULTURE OF INDIA.VOL -9.ANDAMAN,NICOBAR LAKSHDWEEP.
_cBAHADUR K.P.
_hTextual Documents
250 _a2nd ed
260 _aNew Delhi
_bEss Ess Pub
300 _a157
653 _afood Producation
700 _eCo-Author
930 _a636
999 _c243257
_d243257